000 00649nam a2200205Ia 4500
003 OSt
005 20260102114310.0
008 210716s1994 xx 000 0 und d
040 _cAIMIT LIBRARY
041 _aeng
082 _a006.37
_21
_bVISB
245 _aVisual basic for windows :
_badvanced studies in software exports technology /
250 _a1st ed.
260 _aBombay :
_bAptech Computer Education ,
_c1994.
300 _a355p. ;
_bPB
_c25.1 cm
650 _aVisual basic programming environment
_9249906
650 _aUsing the grid control
_9249907
650 _aAccessing databases
_9249908
942 _2ddc
_cBK
_e1st
_k006.37 VISB
999 _c187806
_d187806